000 00272nam a2200109Ia 4500
008 200302s9999 xx 000 0 und d
100 _aElisabeth Kendall Thompson
245 _aHouses of the West
260 _bAn Architectural Record Book
260 _c1979
300 _a193 P.,
999 _c723
_d723